Statistiques concernant Jeudi

Cliquez ici pour prendre le quiz!

Statistiques générales

  • Ce quiz a été pris 55 fois
  • Le résultat moyen est 5 sur 9

Statistiques - réponses

QuestionsRéponses% Correct
Traditionnellement le jeudi est considéré comme le _______ jour de la semaine.Cinquième
86%
Le jeudi de l'__________ est le quarantième jour après Pâques, c’est-à-dire le jeudi de la sixième semaine après Pâques.Ascension
82%
« Jeudi en huit » signifie « jeudi ______ ».Prochain
73%
Jeudi noir du 16 juillet 1942 : la Rafle du ____ d’____ durant laquelle la Police Française a livré 15 000 juifs aux autorités allemandes.Vel d’Hiv
65%
Le Jeudi noir (24 octobre 1929) marque le début de la Grande __________ aux États-Unis d'Amérique. C'est une crise économique qui s'étendra progressivement au reste du monde.Dépression
53%
Le nom jeudi vient du latin Jovis dies ce qui signifie « jour de _____ »Jupiter
51%
Le jeudi est considéré comme le quatrième jour de la semaine par la numérotation ISO de ____ (année).1988
45%
Jeudi noir du 15 août 1940 : cuisant échec enregistré par la Luftwaffe, au cours de la bataille d'_________.Angleterre
20%
La Fête-Dieu ou Corpus Christi est célébrée le jeudi qui suit la _______.Trinité
6%

Distribution des résultats

Percentile par nombre de réponses

% des personnes avec chaque résultat

Votre développement - résultats

Vous n’avez pas pris ce quiz